000 00744nam a2200253 i 4500
001 88844
003 ES-MaACL
005 20230906175941.0
007 t|
008 050112s1981 sp ||||1| spa d
020 _a84-376-0091-X
080 _a937(093)
245 0 0 _aTextos para la historia antigua de Roma /
_cNarciso Santos Yanguas [sel.].
250 _a3ª ed.
260 _aMadrid :
_bCátedra,
_c1981.
300 _a178 p., [10] h. de mapas ;
_c21 cm.
490 1 _aHistoria. Serie mayor
504 _aBibliografía : p. 175-178.
651 _aRoma-
_xHistoria-
_vFuentes.
_99315
700 1 _aSantos Yanguas, Narciso.
_9103540
830 1 _aHistoria. Serie mayor
_9178485
852 _aES-MaACL
_jE-10673
999 _c88844
_d88844